LEADER 00731cam0 2200241 450 001 E600200071199 005 20210909083725.0 100 $a20110201d1986 |||||ita|0103 ba 101 $aeng 102 $aGB 200 1 $aProust$fWilliam Sansom 210 $aLondon$cThames and Hudson$d1986 215 $a128 p.$c145 ill.$d24 cm 700 1$aSansom$b, William$3A600200064092$4070$0439184 801 0$aIT$bUNISOB$c20210909$gRICA 850 $aUNISOB 852 $aUNISOB$j840$m54505 912 $aE600200071199 940 $aM 102 Monografia moderna SBN 941 $aM 957 $a840$b000811$gSi$d54505$rAcquisto$1vittorini$2UNISOB$3UNISOB$420110201121813.0$520151022104628.0$6Alfano 996 $aProust$91625841 997 $aUNISOB LEADER 00852nam1 22002651i 450 001 RML0279101 005 20231121125729.0 100 $a20121121f ||||0itac50 ba 101 | $agrc$aeng 102 $agb 181 1$6z01$ai $bxxxe 182 1$6z01$an 200 1 $aArrian$fwith an English translation by P. A. Brunt 210 $aCambridge $cHarvard University Press - London $cHeinemann 215 $a2 v.$d17 cm 300 $aTrad. inglese a fronte 463 1$1001RML0279102$12001 $a˜1.: œAnabasis Alexandri books 1.-4.$fwith an English translation by P. A. Brunt 700 1$aArrianus$b, Flavius$c $3RMLV179900$04213 702 1$aBrunt$b, P. A.$3RMLV179899 801 3$aIT$bIT-01$c20121121 912 $aRML0279101 967 $m1 977 $a 52 996 $aAlexandri Anabasis$917190 997 $aUNICAS